• 首页
  • 本馆介绍
  • 公告通知
  • 最新文献
  • 馆藏检索
  • 电子资源
  • 读者导购
  • 参考咨询
  • 我的图书馆
  • 登录
  • 详细信息显示
  • 放入我的书架
  • 预约/预借图书
  • 作者相关作品
  • 分类相关作品
  • 丛书相关作品
  • 出版社相关作品

书目信息

  • 表格格式
  • 工作单格式
  • 卡片格式
题名:
国内外重大灾害救援案例剖析
    
 
作者: 樊毫军 , 侯世科 , 郑静晨 主编
分册:  
出版信息: 北京   科学出版社  2011.5
页数: 187页
开本: 26cm
丛书名:
单 册:
中图分类: X4
科图分类:
主题词: 灾害--救援--案例--世界
电子资源:
ISBN: 978-7-03-030894-8
000 00987nam0 2200253 45
001 1359732827
005 20130529090551.48
010    @a978-7-03-030894-8@dCNY68.00
100    @a20130513d2011 em y0chiy0110 ea
101 0  @achi
102    @aCN@b110000
105    @aak z 000yy
106    @ar
200 1  @a国内外重大灾害救援案例剖析@AGuo Nei Wai Zhong Da Zai Hai Jiu Yuan An Li Pou Xi@f主编郑静晨,侯世科,樊毫军@FZhu Bian Zheng Jing Chen, Hou Shi Ke, Fan Hao Jun
210    @a北京@c科学出版社@d2011.5
215    @a187页@c图@d26cm
330    @a本书主要收集了1949-2008年以来的国内外重大灾害救援案例,详细介绍了各类重大灾害的特点,以及灾害救援的情况,并通过对各案例的深度剖析,探讨了面对突发重大灾害如何采取科学、有效的救援措施。
606 0  @a灾害@x救援@x案例@y世界
690    @aX4@v5
701  0 @a樊毫军@AFan Hao Jun@4主编
701  0 @a侯世科@AHou Shi Ke@4主编
701  0 @a郑静晨@AZheng Jing Chen@4主编
801    @aCN@bTANGWEI@c20130522
905    @b0833680-83@dX4@e114@f4
    
    国内外重大灾害救援案例剖析/主编郑静晨,侯世科,樊毫军.-北京:科学出版社,2011.5
    187页:图;26cm
    
    
    ISBN 978-7-03-030894-8:CNY68.00
    本书主要收集了1949-2008年以来的国内外重大灾害救援案例,详细介绍了各类重大灾害的特点,以及灾害救援的情况,并通过对各案例的深度剖析,探讨了面对突发重大灾害如何采取科学、有效的救援措施。
●
相关链接 在E读中查询图书 在五车中查询图书 在当当中查询图书 在豆瓣中查询图书


正题名:国内外重大灾害救援案例剖析     索取号:X4/114         预约/预借

序号 登录号 条形码 馆藏地/架位号 状态 备注
1 0833680   208336807   第二样本阅览室/ [索取号:X4/114] 在馆    
2 0833681   208336816   第三借阅区/ [索取号:X4/114] 在馆    
3 0833682   208336825   第三借阅区/ [索取号:X4/114] 在馆    
4 0833683   208336834   第三借阅区/ [索取号:X4/114] 在馆    
唐山师范学院图书馆 欢迎您!
大连网信软件有限公司© 版权所有